000 00706nam a2200289Ia 4500
005 20260324130818.0
008 008 260324s9999 xx 000 0 eng d
020 _a9781315888217
037 _aEBOOK
040 _aCRL
040 _beng
040 _cCRL
041 _2eng
041 _aeng
084 _qCRL
100 _aElie Kedourie
_91183174
245 0 _aAfghani and 'Abduh
245 3 _bAn Essay on Religious Unbelief and Political Activism in Modern Islam
260 _bTaylor and Francis
260 _c2007
365 _a
365 _b300
856 _uhttp://www.taylorfrancis.com/books/9781315888217
942 _cEBOOK
999 _c1779702
_d1779702